| 000 | 00545nam a2200169 i 4500 | ||
|---|---|---|---|
| 001 | 27091 | ||
| 003 | ES-MaACL | ||
| 005 | 20230906153546.0 | ||
| 007 | t| | ||
| 008 | 030113s1973 sp ||||1| spa d | ||
| 100 | 1 |
_aArriola, Juan. _923326 |
|
| 245 | 1 | 0 |
_aPalabra viva de Dios _b: lecturas meditadas de la liturgia de los domingos y fiestas : Ciclo C / _cJuan Arriola, José Arana. |
| 260 |
_a[Bilbao] : _bDesclée de Brouwer, _c[1973] |
||
| 300 |
_a356 p. ; _c21 cm. |
||
| 700 | 1 |
_aArana, José. _922245 |
|
| 852 |
_aES-MaACL _jC-55265 _bR.87870 |
||
| 999 |
_c27091 _d27091 |
||